Nhà văn và tác phẩm trong trường phổ thông Nguyễn Đình Thi. Hoàng Cầm

Tuyển tập các bài viết của tác giả Nguyễn Đình Thi, Hoàng Cầm về sáng tác nghệ thuật, và các bài viết nghiên cứu phê bình bình luận các sáng tác của hai ông

שמור ב:
מידע ביבליוגרפי
מחברים אחרים: Lê Lưu Oanh (tuyển chọn và biên soạn)
פורמט: ספר
שפה:Vietnamese
יצא לאור: H. Giáo dục 1998
סדרה:Bộ sách Mở rộng và nâng cao kiến thức
נושאים:
תגים: הוספת תג
אין תגיות, היה/י הראשונ/ה לתייג את הרשומה!
Thư viện lưu trữ: Mạng thư viện Đại học Đà Nẵng
LEADER 01415nam a2200349 4500
001 000004088
003 218
005 20121211001247.0
008 110714s1998 viesd
020 |c 7600 
041 0 |a vie 
082 |a 895.922  |b NG-T 
245 0 0 |a Nhà văn và tác phẩm trong trường phổ thông  |b Nguyễn Đình Thi. Hoàng Cầm  |c Lê Lưu Oanh tuyển chọn và biên soạn 
260 |a H.  |b Giáo dục  |c 1998 
300 |a 139 tr.  |c 20,5 cm. 
490 |a Bộ sách Mở rộng và nâng cao kiến thức 
520 |a Tuyển tập các bài viết của tác giả Nguyễn Đình Thi, Hoàng Cầm về sáng tác nghệ thuật, và các bài viết nghiên cứu phê bình bình luận các sáng tác của hai ông 
653 |a Nguyễn Đình Thi 
653 |a Hoàng Cầm 
653 |a Nghiên cứu văn học 
700 1 |a Lê Lưu Oanh  |e tuyển chọn và biên soạn 
910 |a Thi  |d 14/7/2011 
OWN |a LSP 
AVA |a UDN50  |b LSP  |d 895.922 NG-T  |e unavailable  |t Error 5002 Not defined in file expand_doc_bib_avail.  |f 4  |g 4  |h N  |i 0  |k 1 
999 |a From the UDN01 
AVA |a UDN50  |b LSP  |d 895.922 NG-T  |e unavailable  |t Error 5002 Not defined in file expand_doc_bib_avail.  |f 4  |g 4  |h N  |i 0  |k 1 
TYP |a Monograph 
TYP |a Printed language 
980 |a Mạng thư viện Đại học Đà Nẵng